European Clubs - Ultimate Quiz - Statistics

General Stats
  • This quiz has been taken 55 times
  • The average score is 23 of 67
Answer Stats
Answer % Correct
Wayne Rooney
90%
Bobby Charlton
85%
Steven Gerrard
85%
Thierry Henry
85%
Lionel Messi
80%
Paolo Maldini
80%
Ryan Giggs
80%
Cristiano Ronaldo
76%
Frank Lampard
76%
Paul Scholes
76%
Gerd Müller
73%
John Terry
71%
Andrés Iniesta
68%
Ian Rush
66%
Xavi
63%
Carles Puyol
61%
Eusébio
61%
Jamie Carragher
59%
Tony Adams
59%
Raúl
56%
Alessandro Del Piero
51%
Gianluigi Buffon
51%
Iker Casillas
51%
Franco Baresi
44%
Ian Wright
44%
Alfredo Di Stéfano
41%
Javier Zanetti
41%
Oliver Kahn
41%
Andriy Shevchenko
34%
Denis Law
34%
Kerry Dixon
32%
Alessandro Costacurta
29%
Guiseppe Meazza
24%
Guiseppe Bergomi
20%
Gunnar Nordahl
20%
Ian Callaghan
20%
Cliff Bastin
17%
Giacinto Facchetti
17%
Gianni Rivera
15%
Karl-Heinz Rummenigge
15%
Sepp Maier
15%
Bobby Tambling
12%
Fernando Gomes
12%
Gaetano Scirea
12%
Roger Hunt
12%
Ron Harris
12%
Vítor Baía
12%
László Kubala
10%
Mário Jardel
10%
Peter Bonetti
10%
Roberto Bettega
10%
Alessandro Altobelli
7%
César Rodríguez
7%
David O'Leary
7%
George Armstrong
7%
Giampiero Boniperti
7%
João Pinto
7%
Roberto Boninsegna
7%
Aloísio
5%
Gordon Hodgson
5%
Hernâni
5%
José Águas
5%
Manuel Sanchís
5%
Mario Coluna
5%
Nené
5%
Rainer Ohlhauser
5%
Veloso
5%
No matching quizzes found
Score Distribution
Percent of People with Each Score
Percentile by Number Answered
Your Score History
You have not taken this quiz